000 00692nam a2200193 a 4500
001 000042129
005 20201002035946.0
008 131114s2009 gt 000 0 spa d
020 _a9789992212776
040 _aDO-SdBNP
_bspa
_cBNPHU
100 1 _aMonteforte Toledo, Mario.
_969115
245 1 0 _aCuentos de la biblia /
_cMario Monteforte Toledo; edición José Luis Perdomo Orellana.
260 _aGuatemala :
_bFundación Maria Monteporte Toledo,
_c2009.
300 _a94 p. ;
_c22 cm.
490 1 _aMario Monteforte Toledo
_v12
700 1 _aPerdomo Orellana, José Luis
_eed.
_969116
710 2 _aFundación Maria Monteporte Toledo
_969117
830 0 _aMario Monteforte Toledo
_v12
_969118
999 _c41618
_d41618